000
00302nam a2200109Ia 4500
008
220714s9999 xx 000 0 und d
020
_a
0 86812 541 5
082
_a
AF VAN
100
_a
Van Der Merwe, Marie
_9
65442
245
0
_a
DROME IN DIE STOF
942
_c
BK
_w
561
_x
John Tresidder
_y
296
_z
Phillipina Naude
999
_c
720527
_d
720526